| 000 | 00474nam a2200181 i 4500 | ||
|---|---|---|---|
| 001 | bgj | ||
| 100 | 1 | _aCHURCHILL, Caryl | |
| 245 | 1 | 0 |
_aChurchill: shorts : _bshort plays by Caryl Churchill / _cCaryl Churchill. |
| 260 |
_aLondon : _bNick Hern Books, _c1990. |
||
| 300 |
_a304 pp ; _c20 cm. |
||
| 650 | 9 | _aEnglish drama | |
| 020 | _a0854590855 | ||
| 040 | _cBPK | ||
| 041 | 0 | _aeng | |
| 920 | _a0-85459-085-5 | ||
| 942 | _cKS | ||
| 008 | s uk f |000 0 eng | ||
| 999 |
_c48818 _d48818 |
||
| 856 |
_uhttp://koha.tu.koszalin.pl/cgi-bin/koha/opac-detail.pl?biblionumber=48818 _yKatalog online BPK |
||